|
|
|
|
| LEADER |
01228nam a2200253 a 4500 |
| 001 |
9782 |
| 003 |
BD-DhAAL |
| 008 |
090826s2000 enk 001 0 eng d |
| 010 |
|
|
|a 37015164
|
| 040 |
|
|
|a DLC
|c OCP
|d BD-DhAAL
|
| 082 |
|
|
|a 512
|2 22
|
| 100 |
1 |
|
|a Rahaman, Md. Abdur.
|9 59943
|
| 245 |
1 |
0 |
|a College higher algebra:
|b basic algebra & fundamentals of mathematics /
|c Md. Abdur Rahaman.
|
| 260 |
|
|
|a London ;
|a Dhaka :
|b Macmillan and co.limited;
|b Nahar Book Depot & Publications,
|c 2000.
|
| 300 |
|
|
|a [xx],755 pages ;
|c 20 cm.
|
| 541 |
1 |
|
|e 00009782
|
| 650 |
|
0 |
|a Algebra.
|
| 650 |
|
0 |
|a Mathematics.
|
| 852 |
4 |
|
|a Ayesha Abed Library
|j General Shelf.
|
| 942 |
|
|
|2 ddc
|c BK
|
| 999 |
|
|
|c 3779
|d 3779
|
| 952 |
|
|
|0 0
|1 0
|2 ddc
|4 0
|6 512_000000000000000_RAH
|7 0
|9 3431
|a BRACUL
|b BRACUL
|c GEN
|d 2009-09-05
|g 0.00
|l 14
|m 40
|o 512 RAH
|p 3010009782
|r 2024-09-01
|s 2024-06-30
|t 1
|w 2009-09-05
|y BK
|x No price found in the accession register.
|
| 952 |
|
|
|0 0
|1 0
|2 ddc
|4 0
|6 512_000000000000000_RAH
|7 0
|9 9876
|a BRACUL
|b BRACUL
|c GEN
|d 2010-05-06
|l 7
|m 28
|o 512 RAH
|p 3010009781
|r 2024-07-08
|s 2024-06-27
|t 2
|w 2010-05-06
|y BK
|
| 952 |
|
|
|0 0
|1 0
|2 ddc
|4 0
|6 512_000000000000000_RAH
|7 0
|9 9877
|a BRACUL
|b BRACUL
|c GEN
|d 2010-05-06
|l 11
|m 89
|o 512 RAH
|p 3010009780
|r 2024-10-31
|s 2024-07-04
|t 3
|w 2010-05-06
|y BK
|